| 000 | 00484nam a2200193Ia 4500 | ||
|---|---|---|---|
| 005 | 20250923150026.0 | ||
| 008 | 008 250917s9999 xx 000 0 eng d | ||
| 037 | _aTextual | ||
| 040 |
_aDSWL _beng _cDSWL |
||
| 041 |
_aeng _2eng |
||
| 084 | _qDSWL | ||
| 245 | 0 |
_aPersonal laws series 1-3 _c by Social Indian |
|
| 260 |
_aNew Delhi _b Ind. Soc. Inst. _c1986 |
||
| 365 |
_aINR _b56.00 |
||
| 490 | _vPart. 1 | ||
| 925 | _g56.00 | ||
| 942 | _cTEXL | ||
| 999 |
_c1458667 _d1458667 |
||